Statistics for Sleeping Beauty Characters Quiz

Click here to take the quiz!

General Stats

  • This quiz has been taken 80 times
  • The average score is 4 of 6

Answer Stats

DescriptionCharacter% Correct
The evil woman who cast a spell over the spinning wheelMaleficent
89%
The prince who saves Sleeping BeautyPrince Phillip
84%
Sleeping Beauty's red fairy godmotherFlora
79%
Sleeping Beauty's green fairy godmotherFauna
73%
Sleeping Beauty's blue fairy godmotherMerryweather
70%
The princess who touches the spinning wheel and falls asleepPrincess Aurora / Briar Rose / Sleeping Beauty
6%

Score Distribution

Percentile by Number Answered

Percent of People with Each Score

Your Score History

You have not taken this quiz